[Event "Wch U14"]
[Site "Maribor"]
[Date "2012.11.12"]
[Round "5.26"]
[White "Xu, Minghui"]
[Black "Abramciuc, Marius"]
[Result "1-0"]
[WhiteElo "2112"]
[BlackElo "1959"]
[PlyCount "77"]
[EventDate "2012.11.08"]
[EventType "swiss"]
[EventRounds "11"]
[EventCountry "SLO"]
[SourceTitle "EXT 2013"]
[Source "ChessBase"]
[SourceDate "2012.11.22"]
[SourceVersion "1"]
[SourceVersionDate "2012.11.22"]
[SourceQuality "1"]

1. e4 e5 2. Nf3 Nc6 3. Bb5 a6 4. Ba4 Nf6 5. 0-0 Be7 6. Re1 b5 7. Bb3 0-0 8. a4 b4 9. d4 exd4 10. e5 Ne8 11. Bd5 Rb8 12. Nbd2 Bb7 13. Ne4 Na5 14. Bxb7 Rxb7 15. Nxd4 d5 16. Ng3 g6 17. Qg4 Ng7 18. Bh6 Re8 19. Rad1 Bf8 20. Nf3 c6 21. Ne4 Be7 22. Neg5 Qc8 23. Qh4 Ne6 24. b3 Qd8 25. Qg3 Rd7 26. Nxe6 fxe6 27. Qg4 Bc5 28. Bg5 Qb6 29. Re2 Bf8 30. h4 Bg7 31. h5 gxh5 32. Qxh5 Rf8 33. Be3 c5 34. Ng5 h6 35. Ne4 Qd8 36. Nxc5 Re7 37. Qg4 Qc8 38. Nd3 Kh7 39. Bc5 1-0

[Event "Wch U14"]
[Site "Maribor"]
[Date "2012.11.09"]
[Round "2.24"]
[White "Abramciuc, Marius"]
[Black "Stremavicius, Titas"]
[Result "1/2-1/2"]
[WhiteElo "1959"]
[BlackElo "2204"]
[PlyCount "33"]
[EventDate "2012.11.08"]
[EventType "swiss"]
[EventRounds "11"]
[EventCountry "SLO"]
[SourceTitle "EXT 2013"]
[Source "ChessBase"]
[SourceDate "2012.11.22"]
[SourceVersion "1"]
[SourceVersionDate "2012.11.22"]
[SourceQuality "1"]

1. e4 c5 2. Nc3 Nc6 3. Bb5 Nd4 4. Bc4 g6 5. Nf3 Bg7 6. Nxd4 cxd4 7. Qf3 Nh6 8. d3 0-0 9. Ne2 Ng4 10. Bb3 Ne5 11. Qg3 Nc6 12. h4 Qa5+ 13. Bd2 Qe5 14. Bf4 Qa5+ 15. Bd2 Qe5 16. Bf4 Qa5+ 17. Bd2 1/2-1/2

[Event "World ol U16 11th"]
[Site "Istanbul"]
[Date "2012.09.01"]
[Round "6.14"]
[White "Taalaibekov, Tagir"]
[Black "Abramciuc, Marius"]
[Result "0-1"]
[WhiteElo "1849"]
[BlackElo "1990"]
[PlyCount "125"]
[EventDate "2012.08.29"]
[EventType "team-swiss"]
[EventRounds "10"]
[EventCountry "TUR"]
[SourceTitle "CBM 150 Extra"]
[Source "ChessBase"]
[SourceDate "2012.10.19"]
[SourceVersion "1"]
[SourceVersionDate "2012.10.19"]
[SourceQuality "1"]
[WhiteTeam "Kyrgyzstan (U16)"]
[BlackTeam "Moldova (U16)"]
[WhiteTeamCountry "KGZ"]
[BlackTeamCountry "MDA"]

1. d4 c5 2. d5 d6 3. c4 Nf6 4. Nc3 g6 5. g3 Bg7 6. Bg2 0-0 7. e4 Na6 8. Nge2 Nc7 9. 0-0 a6 10. a4 b6 11. h3 Bb7 12. f4 Nd7 13. Be3 Rb8 14. Rb1 Ne8 15. Qd2 f5 16. exf5 gxf5 17. g4 fxg4 18. hxg4 Ndf6 19. Bf3 Bc8 20. f5 Nd7 21. Nf4 Ne5 22. Be2 Nf6 23. Qd1 h5 24. Nxh5 Nxh5 25. gxh5 Bxf5 26. h6 Bxb1 27. Qxb1 Bh8 28. Rf5 Rxf5 29. Qxf5 Qf8 30. h7+ Kg7 31. Qh5 Qf6 32. Bg5 Qg6 33. Qxg6+ Nxg6 34. Bh5 Rb7 35. Ne4 Kxh7 36. b3 Be5 37. Bg4 Bf4 38. Bf5 Bxg5 39. Nxg5+ Kg7 40. Ne6+ Kf6 41. Bd3 Ne5 42. Be2 Nf7 43. Kf2 Ng5 44. Nd8 Rc7 45. Ke3 a5 46. Bg4 e6 47. dxe6 Ke7 48. Kf4 Kxd8 49. Kxg5 Rg7+ 50. Kf5 Ke7 51. Be2 Rg3 52. Bd1 Re3 53. Kf4 Rxe6 54. Bg4 Re1 55. Bf5 Kf6 56. Bd3 Rd1 57. Ke3 Ke5 58. Ke2 Kd4 59. Bc2 Rh1 60. Kd2 Rh2+ 61. Kc1 Kc3 62. Be4 Kxb3 63. Bc6 0-1